000 01098cam a2200337 a 4500
001 59285
003 CO-BoRNBP
005 20250929225247.0
007 ta
008 990507s1997 ck gr 00010 spa d
040 _ala
_bspa
_cCO-BoBLA
041 0 _aspa
043 _as-ck---
082 0 4 _a370.986
_bN45a
_219 ed.
100 1 _aNiño Díez, Jaime,
_d1942-2016.
_965156
240 1 0 _aBogotá-Bibliografía regional
245 1 0 _aAcciones y resultados de la educación en 1997 /
_cJaime Niño Diez.
250 _a1a. edición
300 _a68 p ;
_c23 cm.
336 _2rdacontent
_atexto
_btxt
337 _2rdamedia
_asin mediación
_bn
338 _2rdacarrier
_avolumen
_bnc
500 _aTítulo tomado de la carátula.
650 7 _aEducación
_zColombia.
_2BLAAUTO
_962275
650 7 _aDescentralización de escuelas.
_2BLAAUTO
_965157
650 7 _aEducación rural
_zColombia.
_2BLAAUTO
_965158
650 7 _aEvaluación educativa
_zColombia.
_2BLAAUTO
_965159
650 7 _aFinanciación de la educación
_zColombia.
_2BLAAUTO
_965160
942 _2ddc
_cBK
949 _ac
_bc
999 _c59285
_d59285